|
|
|
|
| LEADER |
00885nam a22002291a 4500 |
| 001 |
c000187037 |
| 003 |
CARM |
| 005 |
19860722000000.0 |
| 008 |
851211s1966 enk b 001 0 eng d |
| 019 |
1 |
|
|a 3781880
|z 27758804
|5 LACONCORD2021
|
| 035 |
|
|
|a (OCoLC)996362
|5 LACONCORD2021
|
| 040 |
|
|
|a NUN
|b eng
|c NUN
|d ANL
|
| 082 |
0 |
4 |
|a 332.66
|2 19
|
| 100 |
1 |
|
|a Young, George K.
|q (George Kennedy),
|d 1911-
|
| 245 |
1 |
0 |
|a Merchant banking :
|b practice and prospects /
|c George K. Young.
|
| 260 |
|
|
|a London :
|b Weidenfeld and Nicolson,
|c 1966.
|
| 300 |
|
|
|a 249 p. ;
|c 22 cm.
|
| 504 |
|
|
|a Includes bibliographical references and index.
|
| 650 |
|
0 |
|a Merchant banks.
|
| 852 |
8 |
|
|b CARM
|h A2:AK30B0
|i B05532
|p 0251296
|f BK
|
| 999 |
f |
f |
|i 1b8ea0cb-c158-58e9-b4b4-717cc250c00c
|s b5368b6b-8fb8-5983-b1c2-5922c6da9d5d
|
| 952 |
f |
f |
|p Can circulate
|a CAVAL
|b CAVAL
|c CAVAL
|d CARM 1 Store
|e B05532
|f A2:AK30B0
|h Other scheme
|i book
|m 0251296
|